000 00786nam a22002057a 4500
008 240605b mp ||||| |||| 00| 0 mon d
035 _a7830
040 _aHE0623081
_bmon
_cMN-UlNLM
_dMN-UlNLM
_erda
041 _amon
042 _a50109
084 _2NNA
_a84(5Мон)
_bҮ.787
245 0 _aҮлгэрийн далай
264 _aУБ.
_bМонсудар ХГ
_c2010
300 _a216х.
336 _2rdacontent
_atext
_btxt
337 _2rdamedia
_aunmediated
_bn
338 _2rdacarrier
_avolume
_bnc
650 _aҮлгэрийн далай бол буддын шашны их хөлгөн судар бөгөөд Энэтхэг ороноо бурхны шашин дэлгэрэх үед "Дамамуконамасутра" хэмээх нэртэ...
942 _2NNA
_cBK
999 _c880065
_d880122